Management accounting : text, problems and cases (Record no. 527)
[ view plain ]
| 000 -LEADER | |
|---|---|
| Fixed length control field | 00485nam a2200181 4500 |
| 003 - CONTROL NUMBER IDENTIFIER | |
| Control field | SEACOMMC |
| 005 - DATE AND TIME OF LATEST TRANSACTION | |
| Control field | 20240420142655.0 |
| 008 - FIXED-LENGTH DATA ELEMENTS--GENERAL INFORMATION | |
| Fixed length control field | 240420b |||||||| |||| 00| 0 eng d |
| 020 ## - INTERNATIONAL STANDARD BOOK NUMBER / ISBN | |
| International Standard Book Number | 9789354600395 |
| Price | 732.00 |
| 040 ## - CATALOGING SOURCE | |
| Original cataloging agency | SEACOMMC |
| 082 ## - DEWEY DECIMAL CLASSIFICATION NUMBER | |
| Classification number | 658.1511 |
| Book Number | K45 |
| 100 ## - MAIN ENTRY--PERSONAL NAME | |
| Personal name | Khan, M. Y |
| 245 1# - TITLE STATEMENT | |
| Title | Management accounting : text, problems and cases |
| Statement of responsibility | M. Y Khan |
| 250 ## - EDITION STATEMENT | |
| Edition statement | 8th ed. |
| 260 ## - IMPRINT | |
| Place of publication | New Delhi |
| Name of publisher | Mc Graw Hill |
| Date of publication | 2015 |
| 650 ## - SUBJECT ADDED ENTRY--TOPICAL TERM | |
| Topical term | Management accounting |
| 942 ## - ADDED ENTRY ELEMENTS (KOHA) | |
| Koha item type | Books |
| Withdrawn status | Lost status | Source of classification | Damaged status | Not for loan | Home library | Current library | Date acquired | Total Checkouts | Call number | Accession number | Date last seen | Price effective from | Koha item type | Copy number |
|---|---|---|---|---|---|---|---|---|---|---|---|---|---|---|
| Dewey Decimal Classification | SEACOM MANAGEMENT COLLEGE | SEACOM MANAGEMENT COLLEGE | 11/02/2023 | 658.1511 K45 | M3154 | 20/04/2024 | 20/04/2024 | Reference Books | ||||||
| Dewey Decimal Classification | SEACOM MANAGEMENT COLLEGE | SEACOM MANAGEMENT COLLEGE | 11/02/2023 | 658.1511 K45 | M3155 | 20/04/2024 | 20/04/2024 | Books | 1 |
